Podpora systému trhového dozoru pri ochrane spotrebiteľa a zdravia Slovenská republika EuropeAid/114225/D/SV/SK (SR 0104-01-01-0009)

Saved in:
Bibliographic Details
Format: Book
Language:Slovak
Published: [S.l.] [s.n.]
Series:PHARE program Európskej únie pre Slovenskú republiku
Subjects:
Tags: Add Tag
No Tags, Be the first to tag this record!

MARC

LEADER 00000nam$a2200000$$$4500
001 0025941
005 20221205071742.4
041 0 |a slo 
245 1 0 |a Podpora systému trhového dozoru pri ochrane spotrebiteľa a zdravia  |b Slovenská republika EuropeAid/114225/D/SV/SK (SR 0104-01-01-0009) 
264 1 |a [S.l.]  |b [s.n.] 
300 |a 112 s. 
490 1 |a PHARE program Európskej únie pre Slovenskú republiku 
830 0 |a PHARE program Európskej únie pre Slovenskú republiku 
610 2 0 |a integrácia ekonomická medzinárodná 
610 2 0 |a spolupráca hospodárska medzinárodná 
610 2 0 |a spotrebitelia 
610 2 0 |a ochrana spotrebiteľa 
610 2 0 |a dozor 
610 2 0 |a trh 
610 2 0 |a ochrana zdravia 
610 2 0 |a projekty medzinárodné 
610 2 0 |a organizácie nevládne 
610 2 0 |a predaj 
610 2 0 |a kúpa 
610 2 0 |a právo 
610 2 0 |a tovar 
610 2 0 |a služby 
610 2 0 |a vzťahy obchodné 
610 2 0 |a legislatíva 
610 2 0 |a bezpečnosť výrobkov 
610 2 0 |a kvalita výrobkov 
610 2 0 |a sťažnosti 
610 2 0 |a inštitúcie verejnoprávne 
610 2 0 |a normy právne 
610 2 0 |a manažment 
610 2 0 |a komunikácia 
610 2 0 |a adresáre 
610 2 0 |a formuláre 
610 2 0 |a Slovensko 
610 2 0 |a Európska únia 
610 2 0 |a Phare